000 02889nab a22006137a 4500
003 AR-RoUNA
022 _a03282384
040 _aAR-RoUNA
_bspa
041 _aspa
_hspa
044 _aag
110 _98413
_aSecretaria de Ciencia y Técnica.
_bBoletín de la Secretaria
245 _aCiencia y Tecnica
_hNº 9
_bBoletín de la Secretaría
260 _aBuenos Aires :
_bUP,
_c1994
300 _a52. p. :
_bplantas
_bfot. byn.
_c26x 20 cm
505 _tPANORAMA. p. 3
505 _aXII Feria del Libro " El libro en la ciencia y en la técnica ".p. 5
505 _aPremio " BEYOND WAR" a la iniciativa de paz de los cinco continentes .p.8
505 _aEsperando al Halley. p. 10
505 _tCONICET. p.15
505 _aInstituto de Investigaciones en Tecnología Química de San Luis. p. 15
505 _aPromoción de actividades de alto contenido tecnológico. p. 18
505 _aII Taller Latinoamericano y del Caribe de investigación y desarrollo tecnológico en salud. p. 20
505 _aSubcomisión de electrónica e informática en el CONICET. p. 22
505 _tCOORDINACIÓN Y PLANIFICACIÓN. p.23
505 _aReunión de delgados regionales en SECYT. p. 23
505 _aDesertificación y manejo del ambiente en el chaco salteño. p. 25
505 _aCiencia y Técnica en el Centro Cultural San Martin. p. 27
505 _aConvenios de riesgo compartido. p. 29
505 _tINFORMATICA. p. 30
505 _aProtección jurídica del software. p. 30
505 _aInicia su primer ciclo la Escuela Latinoamericana de informática. p. 32
505 _aInformática y Educación. p. 34
505 _aPrimera Escuela Argentino-Brasileña de Informática. p. 36
505 _aNoticias de informática. p. 37
505 _tCOOPERACION INTERNACIONAL. p. 39
505 _aAcuerdo entre SECYT y el Centro Internacional de Física teórica de Trieste. p. 40
505 _aEncuentro franco-argentino sobre biotecnología . p. 42
505 _tBECAS, CURSOS, REUNIONES CIENTIFICAS. p. 44
505 _aDr. J.J. Giambiangi, Profesor Honorario de la Universidad de Buenos Aires. p. 44
505 _aEscuela Nacional de Matemáticas Aplicadas de San Luis. p. 45
505 _tDIVULGACION CIENTIFICA Y TECNOLOGICA. p. 49
505 _aPublicaciones recibidas. p. 49
505 _aNuevas publicaciones SECYT. p. 50
505 _tDOCUMENTOS. p. 52
505 _aAntonio Paes de Carvallo:" Un futuro para la ciencia en América Latina ". p. 52
650 _aArquitectura
_911395
650 _aCiencia
_911396
773 0 _aBoletín de la Secretaría: Ciencia y Técnica
_dBuenos Aires, Aller Atucha y Asociados. 1988
_gnro.9 (mar-1986), 52.p
_x03265773
856 _uwww.secyt.unlu.edu.ar
908 _aImp
942 _2udc
_cART
945 _aMBP
_d2018-06-12
980 _81
_gMaricel Allasia
_61
_aMaricel Allasia
999 _c12462
_d12462